00385cam a2200157ua 45000010005000000080039000050400009000440820013000531000018000662450035000842500009001192600037001283000016001656530027001816530019002084110111215n ii |||gr||||Z||||||asm cMAIN a891.45131 aDutta, Mukut,11aSabdar baraxuncby Mukut Dutta a1st. aNamrup:bArchana Prakash,c2008. a98p:c23cm. aAssamese short stories aSabdar baraxun